LEADER 01399nam a2200289 i 4500 001 000000060471 003 CaOOAMICUS 005 20230703121107.0 008 140902s1970 it u000 u spa u 040 $aSeMil$bita 100 1 $aSánchez Bosch, Jorge.$0(OLS)http://semarc/name/30760 245 10$aGloriarse segun san Pablo :$bsentido y teología de kauxaomai /$cJorge Sanchez Bosch. 264 1$aRome :$bBiblical Institute Press ;$aBarcelona :$bFacultad de Teología,$c1970. 300 $aXXVIII, 341 p. ;$c25 cm. 490 1 $aAnalecta Biblica ;$v40 490 1 $aColectanea San Paciano ;$v16 650 4$aPaolo - Concezione della gloria.$0(OLS)http://semarc/subject/54011 650 4$aTeologia biblica - NT - Lettere di Paolo.$0(OLS)http://semarc/subject/1087 830 0$aColectanea San Paciano ;$v16.$0(OLS)http://semarc/title/20806 830 0$aAnalecta biblica ;$v40.$0(OLS)http://semarc/title/6 850 $aSeMil 852 $aSeMil$W1$xVenegono$y1$m2HA G 40$j241904$B26624$CSeMilBibl$Z2$F26627 $81 961 $aAcquisto: Casa editrice 996 $6245$aGloriarse segun san Pablo :$bsentido y teología de kauxaomai$9(OLS)http://semarc/title/94781 996 $6264$aRome :$bBiblical Institute Press$9(OLS)http://semarc/publisher/34219 996 $6264$aBarcelona :$bFacultad de Teología$9(OLS)http://semarc/publisher/61113 LEADER 01075nam a2200241 i 4500 001 000000127991 003 CaOOAMICUS 005 20250227112856.0 008 070625s1985 it u000 u ita u 040 $aSeMil$bita 245 10$aAnnuario teologico :$b1984. 264 1$aMilano :$bISTRA,$c1985. 300 $a146 p. ;$c24 cm. 500 $aVolume unico (1984) dell'annuario dell'ISTRA 650 4$aMilano - Facoltà teologica dell'Italia settentrionale - Insegnamento teologico - Storia.$0(OLS)http://semarc/subject/47877 650 4$aMilano (Arcidiocesi) - Seminario Arcivescovile - Facoltà teologica.$0(OLS)http://semarc/subject/57228 650 4$aTeologia protestante americana.$0(OLS)http://semarc/subject/25181 850 $aSeMil 852 $aSeMil$W1$xVenegono$y1$m2B IV 372$j254779$B82235$CSeMilBibl$Z2$F124505 $81 961 $aRecupero: Altro 996 $6245$aAnnuario teologico :$b1984$9(OLS)http://semarc/title/189050 996 $6264$aMilano :$bISTRA$9(OLS)http://semarc/publisher/39929